000 01692nam0a2200421 4500
001 RU\NLR\bibl\402873
005 20260406041153.0
021 _aRU
_b2003-14666
_9685
035 _a(NLR Aleph) 000397020
090 _a551349
_c551349
100 _a20030521d2002 |||y0rusy50 ca
101 0 _arus
_deng
102 _aRU
105 _aa |||||||||
200 1 _a"Водный промысел": производство радия в Республике Коми
_fА.И. Таскаев, А.И. Кичигин
210 _aСыктывкар
_cИзд-во Коми науч. центра
_d2002
215 _a30, [1] с.
_cил.
_d22
225 1 _aНаучные доклады
_fРос. акад. наук. Урал. отд-ние. Коми науч. центр
_vВып. 452
300 _aРез. на англ. яз.
320 _aБиблиогр.: с. 25-30
606 0 _aРадий
_xИзвлечение из природных вод
_92292222
_3RU\NLR\auth\661372747
610 0 _aРадий - Содержание в природных водах
610 0 _aРадий - Извлечение
610 0 _aКоми, горное дело
675 _a622.34(470.13)
_v3
_zrus
686 _a52.31
_2rugasnti
686 _a33.32
_2rubbk
686 _aР124.450.5
686 _aК345.42
700 1 _4070
_7ca
_8rus
_aФадеева
_bИ. Е.
_cисторик
_gИрина Евгеньевна
_9111629
_3RU\NLR\auth\771608
701 1 _aКичигин
_bА. И.
_gАндрей Ильич
_4070
801 0 _aRU
_bRKP
_c20030521
_gPSBO
801 1 _aRU
_bRKP
_c20030521
801 2 _aRU
_bNLR
_c20030623
_grcr
942 _cBOOK
980 _aNB